Modelling of Crack Growth in Single-Crystal Nickel-Base Superalloys.

Bibliographic Details
Main Author: Busse, Christian.
Format: eBook
Language:English
Published: Linköping : Linkopings Universitet, 2019.
Edition:1st ed.
Series:Linköping Studies in Science and Technology. Dissertations Series
Subjects:
Online Access:Click to View
LEADER 03422nam a22003733i 4500
001 EBC5906920
003 MiAaPQ
005 20240729202202.0
006 m o d |
007 cr cnu||||||||
008 240729s2019 xx o ||||0 eng d
020 |a 9789179299835  |q (electronic bk.) 
035 |a (MiAaPQ)EBC5906920 
035 |a (Au-PeEL)EBL5906920 
035 |a (OCoLC)1129201570 
040 |a MiAaPQ  |b eng  |e rda  |e pn  |c MiAaPQ  |d MiAaPQ 
100 1 |a Busse, Christian. 
245 1 0 |a Modelling of Crack Growth in Single-Crystal Nickel-Base Superalloys. 
250 |a 1st ed. 
264 1 |a Linköping :  |b Linkopings Universitet,  |c 2019. 
264 4 |c {copy}2019. 
300 |a 1 online resource (79 pages) 
336 |a text  |b txt  |2 rdacontent 
337 |a computer  |b c  |2 rdamedia 
338 |a online resource  |b cr  |2 rdacarrier 
490 1 |a Linköping Studies in Science and Technology. Dissertations Series ;  |v v.2023 
505 0 |a Intro -- Preface -- Abstract -- Zusammenfassung -- Sammanfattning -- List of papers -- Contents -- Acronyms -- Part I - Background and Theory -- Introduction -- Background -- Aim of the work -- Outline -- Gas Turbines -- General description -- Single-crystal nickel-base superalloys in gas turbines and relevant loading conditions -- Nickel-Base Superalloys -- General description -- Single-crystal nickel-base superalloys -- Characteristic fracture behaviour of single-crystals -- Testing -- General overview -- Determination of the crystallographic orientations -- Fracture surfaces -- Heat tints -- Fatigue Crack Growth -- General description -- Fatigue crack growth modelling basis -- Stress intensity factor and M-Integral -- Crystallographic Crack Growth Model -- Crystallographic crack growth -- Crystallographic crack driving force -- Crack path prediction -- Crystallographic crack growth modelling -- Finite element-context -- Handling inelasticity -- Review of Appended Papers -- Conclusions and Outlook -- Conclusions -- Outlook -- References -- Part II - Appended Papers -- Paper I: A finite element study of the effect of crystal orientation and misalignment on the crack driving force in a single-crystal superalloy -- Paper II: Prediction of crystallographic cracking planes in a single-crystal nickel-base superalloy -- Paper III: Evaluation of the crystallographic fatigue crack growth rate in a single-crystal nickel-base superalloy -- Paper IV: Criteria evaluation for the transition of cracking modes in a single-crystal nickel-base superalloy -- Paper V: Challenges in crack propagation prediction in single-crystal nickel-base superalloys -- Paper VI: Three-dimensional LEFM prediction of fatigue crack propagation in a gas turbine disc material at component near conditions. 
588 |a Description based on publisher supplied metadata and other sources. 
590 |a Electronic reproduction. Ann Arbor, Michigan : ProQuest Ebook Central, 2024. Available via World Wide Web. Access may be limited to ProQuest Ebook Central affiliated libraries.  
655 4 |a Electronic books. 
776 0 8 |i Print version:  |a Busse, Christian  |t Modelling of Crack Growth in Single-Crystal Nickel-Base Superalloys  |d Linköping : Linkopings Universitet,c2019 
797 2 |a ProQuest (Firm) 
830 0 |a Linköping Studies in Science and Technology. Dissertations Series 
856 4 0 |u https://ebookcentral.proquest.com/lib/matrademy/detail.action?docID=5906920  |z Click to View